[Event "PRO League Pacific 2017"]
[Site "chess.com INT"]
[Date "2017.01.18"]
[Round "2"]
[White "Naroditsky, Daniel"]
[Black "Shankland, Samuel L"]
[Result "1/2-1/2"]
[WhiteTitle "GM"]
[BlackTitle "GM"]
[WhiteElo "2646"]
[BlackElo "2674"]
[WhiteTeam "San Jose Hackers"]
[BlackTeam "San Francisco Mechanics"]
[WhiteFideId "2026961"]
[BlackFideId "2004887"]
[EventDate "2017.01.11"]

1. d4 Nf6 2. Bf4 g6 3. Nc3 d5 4. Qd2 Bg7 5. Bh6 O-O 6. h4 c5 7. Bxg7 Kxg7 8. e3
cxd4 9. exd4 h5 10. Bd3 Nc6 11. Nge2 Nb4 12. Nf4 Qb6 13. Nce2 Nxd3+ 14. cxd3 Bf5
15. Ng3 e6 16. Nfe2 Rac8 17. O-O Rc6 18. Rac1 Rfc8 19. Rxc6 Rxc6 20. b3 Qc7 21.
Nxf5+ exf5 22. Rc1 Ng8 23. Rxc6 Qxc6 24. Nf4 Qf6 25. Qe3 Ne7 26. g3 Nc6 27. Nxd5
Qd6 28. Nf4 Nxd4 29. Ne2 Nxe2+ 30. Qxe2 f4 31. Qf3 fxg3 32. fxg3 Qd4+ 33. Kg2 b6
34. Qe2 b5 35. Kf3 Qg4+ 36. Kf2 Qd4+ 37. Qe3 Qb2+ 38. Qe2 Qc3 39. Kf3 a5 40. Qe3
Qb2 41. d4 Qxa2 42. Qe5+ Kh7 43. Qxb5 Qc2 44. d5 Qf5+ 45. Kg2 Qe4+ 46. Kf2 Qf5+
47. Kg2 Qe4+ 48. Kf2 1/2-1/2

[Event "PRO League Pacific 2017"]
[Site "chess.com INT"]
[Date "2017.01.18"]
[Round "2"]
[White "Swiercz, Dariusz"]
[Black "Ashwin, Jayaram"]
[Result "0-1"]
[WhiteTitle "GM"]
[BlackTitle "GM"]
[WhiteElo "2647"]
[BlackElo "2490"]
[WhiteTeam "St Louis Arch Bishops"]
[BlackTeam "Webster Windmills"]
[WhiteFideId "1126881"]
[BlackFideId "5018137"]
[EventDate "2017.01.11"]

1. e4 c6 2. d4 d5 3. e5 Bf5 4. Nf3 e6 5. Be2 Ne7 6. O-O Bg6 7. Nbd2 c5 8. c4
cxd4 9. Nxd4 Nec6 10. N2b3 dxc4 11. Bxc4 Be7 12. Bf4 O-O 13. Rc1 Nxd4 14. Nxd4
Qb6 15. Be3 Qxb2 16. Bb3 Nc6 17. Nxc6 bxc6 18. Qd7 Ba3 19. Rxc6 Qxe5 20. Ra6
Rfd8 21. Qa4 Bd6 22. g3 Bd3 23. Ra5 Qb2 24. Rd1 Qe2 25. Rxa7 Rxa7 26. Qxa7 Be4
27. Qa5 Rd7 28. Rd4 Qf3 29. Kf1 Qh1+ 30. Ke2 Bf3+ 31. Kd2 Qb1 32. Qc3 Bb4 33.
Qxb4 Qb2+ 34. Kd3 Be2+ 35. Ke4 Qb1+ 0-1

[Event "PRO League Pacific 2017"]
[Site "chess.com INT"]
[Date "2017.01.18"]
[Round "2"]
[White "Swiercz, Dariusz"]
[Black "Nyzhnyk, Illya"]
[Result "1-0"]
[WhiteTitle "GM"]
[BlackTitle "GM"]
[WhiteElo "2647"]
[BlackElo "2616"]
[WhiteTeam "St Louis Arch Bishops"]
[BlackTeam "Webster Windmills"]
[WhiteFideId "1126881"]
[BlackFideId "14118084"]
[EventDate "2017.01.11"]

1. e4 c6 2. d4 d5 3. e5 Bf5 4. Nf3 e6 5. Be2 Ne7 6. O-O c5 7. Na3 Nec6 8. c4
dxc4 9. Bg5 Qd7 10. dxc5 Bxc5 11. Nxc4 O-O 12. Qb3 h6 13. Be3 Na6 14. Rfd1 Qe7
15. Nd6 Nxe5 16. Bxc5 Nxc5 17. Qe3 Nxf3+ 18. Bxf3 Bc2 19. Rd2 Na6 20. Nxb7 Bg6
21. Na5 Rae8 22. Nc6 Qc5 23. Qxc5 Nxc5 24. Nxa7 e5 25. Bd5 e4 26. b4 Nd3 27. b5
Re5 28. Nc6 Rg5 29. Ne7+ Kh7 30. Nxg6 fxg6 31. Bxe4 Nf4 32. b6 Re8 33. f3 1-0

[Event "PRO League Pacific 2017"]
[Site "chess.com INT"]
[Date "2017.01.18"]
[Round "2"]
[White "Coleman, Teddy"]
[Black "Chirila, Ioan-Cristian"]
[Result "0-1"]
[WhiteTitle "IM"]
[BlackTitle "GM"]
[WhiteElo "2385"]
[BlackElo "2533"]
[WhiteTeam "San Francisco Mechanics"]
[BlackTeam "San Jose Hackers"]
[WhiteFideId "2022010"]
[BlackFideId "1211668"]
[EventDate "2017.01.11"]

1. d4 Nf6 2. Bg5 d5 3. Nd2 Nbd7 4. Ngf3 c5 5. c3 e6 6. e3 Be7 7. Bd3 h6 8. Bh4
O-O 9. O-O b6 10. Qe2 Bb7 11. Rfd1 Ne4 12. Bxe7 Qxe7 13. Ba6 Bxa6 14. Qxa6 Nd6
15. Qe2 cxd4 16. exd4 b5 17. a4 a6 18. Ne5 Nxe5 19. dxe5 Nc4 20. b3 Nxd2 21.
Qxd2 Rfb8 22. axb5 axb5 23. g3 Qc7 24. Qd4 Rc8 25. Rxa8 Rxa8 26. Rc1 Rc8 27. h4
Qa5 28. Qd2 Qa3 29. Qc2 Qc5 30. Kg2 d4 31. c4 Qxe5 32. Kg1 bxc4 33. bxc4 Qc5 34.
Qd3 e5 35. Re1 Re8 36. Kh2 Qc6 37. Re2 Qc5 38. f4 f6 39. Qg6 Qe7 40. fxe5 fxe5
41. Qe4 Qd6 42. Rc2 d3 43. Rd2 Rd8 44. Qe3 Qd4 45. Qxd4 Rxd4 46. c5 e4 47. Kg2
e3 0-1

[Event "PRO League Pacific 2017"]
[Site "chess.com INT"]
[Date "2017.01.18"]
[Round "2"]
[White "Feng, Roland"]
[Black "Zavortink, Matt B"]
[Result "1-0"]
[WhiteTitle "FM"]
[WhiteElo "2338"]
[BlackElo "1979"]
[WhiteTeam "Seattle Sluggers"]
[BlackTeam "Portland Rain"]
[WhiteFideId "2060086"]
[BlackFideId "2034263"]
[EventDate "2017.01.11"]

1. d4 e6 2. c4 b6 3. Nc3 Bb7 4. Nf3 Bb4 5. Qc2 f5 6. a3 Bxc3+ 7. Qxc3 Nf6 8. e3
O-O 9. b4 Ne4 10. Qc2 d6 11. Bd3 Nd7 12. O-O Qe8 13. Nd2 Qg6 14. f3 Nxd2 15.
Bxd2 e5 16. d5 Rae8 17. Bc3 b5 18. cxb5 Bxd5 19. Bb2 Rc8 20. Rac1 Qf7 21. Qd2
Nb6 22. Qe2 Qh5 23. e4 Be6 24. exf5 Bxf5 25. Ba1 Bxd3 26. Qxd3 Qf5 27. Qe2 Rfe8
28. a4 d5 29. Rfd1 d4 30. a5 Nd5 31. Rc5 Ne3 32. Rdc1 Qg6 33. f4 exf4 34. Bxd4
Nf5 35. Qc4+ Kh8 36. Bf2 f3 37. g3 Ne3 38. Qf4 Ng4 39. R5c2 Nxf2 40. Rxf2 Rf8
41. Qd4 Rcd8 42. Qxa7 Qg5 43. Rcf1 Rd2 44. Qxc7 Rxf2 45. Rxf2 Qe3 46. Qc5 Qe1+
47. Rf1 f2+ 48. Kg2 Qe4+ 49. Kh3 Qe6+ 50. Kg2 Qe4+ 51. Kh3 Qe6+ 52. g4 Rf3+ 53.
Kg2 Qxg4+ 54. Kh1 Qf5 55. Qxf5 Rxf5 56. b6 Rb5 57. Rxf2 1-0

[Event "PRO League Pacific 2017"]
[Site "chess.com INT"]
[Date "2017.01.18"]
[Round "2"]
[White "Feng, Roland"]
[Black "Tarjan, James E"]
[Result "1-0"]
[WhiteTitle "FM"]
[BlackTitle "GM"]
[WhiteElo "2338"]
[BlackElo "2406"]
[WhiteTeam "Seattle Sluggers"]
[BlackTeam "Portland Rain"]
[WhiteFideId "2060086"]
[BlackFideId "2000180"]
[EventDate "2017.01.11"]

1. d4 g6 2. c4 Bg7 3. Nf3 d6 4. Nc3 e5 5. dxe5 dxe5 6. Qxd8+ Kxd8 7. e4 Nc6 8.
Bg5+ f6 9. O-O-O+ Bd7 10. Be3 Bh6 11. c5 Bxe3+ 12. fxe3 Kc8 13. Bc4 Nge7 14. Nd5
Rf8 15. Rhf1 Bg4 16. Nxe7+ Nxe7 17. h3 Bxf3 18. Be6+ Kb8 19. Rxf3 a5 20. Rd7 Nc6
21. Rxh7 a4 22. Rg7 Ra5 23. Rxg6 Rxc5+ 24. Kb1 Ka7 25. Rg8 Rxg8 26. Bxg8 Nb4 27.
a3 Nd3 28. Rf1 Rb5 29. b4 axb3 30. Bc4 Rc5 31. Bxd3 Rc3 32. Rd1 1-0

[Event "PRO League Pacific 2017"]
[Site "chess.com INT"]
[Date "2017.01.18"]
[Round "2"]
[White "Dragun, Kamil"]
[Black "Holt, Conrad"]
[Result "1/2-1/2"]
[WhiteTitle "GM"]
[BlackTitle "GM"]
[WhiteElo "2614"]
[BlackElo "2567"]
[WhiteTeam "Rio Grande Ospreys"]
[BlackTeam "Dallas Destiny"]
[WhiteFideId "1134167"]
[BlackFideId "2034387"]
[EventDate "2017.01.11"]

1. d4 d5 2. c4 c6 3. Nf3 Nf6 4. Nc3 dxc4 5. a4 Bf5 6. e3 e6 7. Bxc4 Bb4 8. O-O
O-O 9. Qe2 Nbd7 10. e4 Bg4 11. Rd1 Qc7 12. h3 Bh5 13. e5 Nd5 14. Bd2 Qa5 15.
Rac1 Rae8 16. Nxd5 Bxd2 17. b4 Bxb4 18. Nf4 Bxf3 19. Qxf3 Bd2 20. Rb1 Nb6 21.
Bd3 Bxf4 22. Qxf4 Rd8 23. h4 Nd5 24. Qe4 g6 25. Rxb7 Qxa4 26. Rc1 Rb8 27. Rxb8
Rxb8 28. h5 Rb4 29. Qh4 Rb8 30. Kh2 Qa3 31. Rb1 Rxb1 32. Bxb1 Qe7 33. Qg3 Kf8
34. Be4 a5 35. Bc2 c5 36. dxc5 Qxc5 37. Be4 a4 38. Qg5 Qe7 39. Qh6+ Kg8 40. Bxd5
exd5 41. Qf4 a3 42. h6 a2 43. Qd4 Qf8 44. Qb2 Qxh6+ 45. Kg1 Qf4 46. e6 fxe6 47.
Qxa2 Qc1+ 48. Kh2 Qc7+ 49. Kg1 Qe7 50. Qa6 Kg7 51. Qc6 d4 52. f4 h5 53. Kf2 Qf6
54. Kf3 g5 55. g3 gxf4 56. gxf4 e5 57. Qd7+ Kh6 58. f5 h4 59. Ke4 h3 60. Qb5 Kg5
61. Qf1 Kh4 62. Qf2+ Kh5 63. Qf3+ Kh4 64. Qf2+ Kh5 65. Qf3+ Kh6 66. Qxh3+ Kg7
67. Qg3+ Kf7 68. Qb3+ Kg7 69. Qg3+ Kf8 70. Qa3+ Qe7 71. Qh3 Qf6 72. Qa3+ Kf7 73.
Qb3+ Ke8 74. Qb5+ Ke7 75. Qb7+ Ke8 76. Qb8+ Kf7 77. Qb7+ Qe7 78. Qb3+ Kf8 79.
Qh3 Kg7 80. Qg3+ Kf8 81. Qh3 Qf6 82. Qa3+ Kg8 83. Qg3+ Qg7 84. Qb3+ Kf8 85. Qb8+
Kf7 86. Qb3+ Kf8 87. Qb8+ Kf7 88. Qb3+ Kf8 89. Qb8+ Kf7 1/2-1/2

[Event "PRO League Pacific 2017"]
[Site "chess.com INT"]
[Date "2017.01.18"]
[Round "2"]
[White "Dragun, Kamil"]
[Black "Javakhadze, Zurab"]
[Result "0-1"]
[WhiteTitle "GM"]
[BlackTitle "IM"]
[WhiteElo "2614"]
[BlackElo "2468"]
[WhiteTeam "Rio Grande Ospreys"]
[BlackTeam "Dallas Destiny"]
[WhiteFideId "1134167"]
[BlackFideId "13603647"]
[EventDate "2017.01.11"]

1. e4 e5 2. Nf3 Nc6 3. Bc4 Bc5 4. O-O Nf6 5. d3 O-O 6. Nbd2 h6 7. h3 d6 8. c3 a6
9. Bb3 Be6 10. Re1 Re8 11. Nc4 Ba7 12. Be3 Qd7 13. Bxa7 Rxa7 14. Ne3 Raa8 15.
Bxe6 Qxe6 16. Nf5 d5 17. N3h4 dxe4 18. dxe4 Rad8 19. Qf3 Kh7 20. Rad1 g6 21. Ne3
Rxd1 22. Rxd1 Rd8 23. Nd5 Kg7 24. b3 Ne7 25. Nxf6 Rxd1+ 26. Qxd1 Qxf6 27. Nf3
Qd6 28. Qxd6 cxd6 29. c4 Kf6 30. Kf1 Ke6 31. Ke2 f5 32. Kd3 fxe4+ 33. Kxe4 Ng8
34. Nd2 Nf6+ 35. Kd3 d5 36. cxd5+ Nxd5 37. g3 Nb4+ 38. Kc4 Nxa2 39. Kc5 Nc1 40.
Kb6 Nd3 41. f3 Kd5 42. Kxb7 Kd4 43. Kxa6 Ke3 44. Nc4+ Kxf3 45. g4 e4 0-1

[Event "PRO League Pacific 2017"]
[Site "chess.com INT"]
[Date "2017.01.18"]
[Round "2"]
[White "Holt, Conrad"]
[Black "Vazquez, Guillermo"]
[Result "1/2-1/2"]
[WhiteTitle "GM"]
[BlackTitle "IM"]
[WhiteElo "2567"]
[BlackElo "2437"]
[WhiteTeam "Dallas Destiny"]
[BlackTeam "Rio Grande Ospreys"]
[WhiteFideId "2034387"]
[BlackFideId "3702308"]
[EventDate "2017.01.11"]

1. d4 Nf6 2. c4 e6 3. Nc3 Bb4 4. Qc2 O-O 5. e4 d5 6. e5 Ne4 7. Bd3 c5 8. Nf3
cxd4 9. Nxd4 Nd7 10. Bf4 Qh4 11. g3 Qh5 12. O-O Bxc3 13. bxc3 g5 14. cxd5 exd5
15. Bxe4 dxe4 16. e6 gxf4 17. exd7 Bxd7 18. Qxe4 fxg3 19. hxg3 b6 20. Rfe1 Rad8
21. Qb7 Be6 22. Nxe6 fxe6 23. Qe7 Rd2 24. Qxe6+ Kh8 25. Rf1 Qc5 26. Qe3 Rfxf2
27. Qxf2 Rxf2 28. Rxf2 Qxc3 29. Raf1 Qxg3+ 30. Rg2 Qe3+ 31. Kh2 Qh6+ 32. Kg1
Qe3+ 33. Rff2 Qc1+ 34. Kh2 Qh6+ 35. Kg1 Qc1+ 36. Rf1 Qe3+ 1/2-1/2

[Event "PRO League Pacific 2017"]
[Site "chess.com INT"]
[Date "2017.01.18"]
[Round "2"]
[White "Holt, Conrad"]
[Black "Belous, Vladimir"]
[Result "1/2-1/2"]
[WhiteTitle "GM"]
[BlackTitle "GM"]
[WhiteElo "2567"]
[BlackElo "2564"]
[WhiteTeam "Dallas Destiny"]
[BlackTeam "Rio Grande Ospreys"]
[WhiteFideId "2034387"]
[BlackFideId "4174003"]
[EventDate "2017.01.11"]

1. d4 Nf6 2. c4 g6 3. Nc3 d5 4. Nf3 Bg7 5. Qb3 dxc4 6. Qxc4 Be6 7. Qb5+ Bd7 8.
Qxb7 Nc6 9. Qb3 Rb8 10. Qd1 Bf5 11. a3 O-O 12. e3 e5 13. dxe5 Qxd1+ 14. Nxd1 Nd7
15. Bd2 Ncxe5 16. Nxe5 Bxe5 17. Rc1 Bxb2 18. Nxb2 Rxb2 19. Bc3 Rc2 20. Rxc2 Bxc2
21. Bb5 Nc5 22. Ke2 Rb8 23. Bc4 Bb3 24. Bxb3 Rxb3 25. Bd4 Ne6 26. Bf6 Rb6 27.
Kf3 Kf8 28. g4 h5 29. gxh5 Rb5 30. Bd4 Nxd4+ 31. exd4 Rxh5 32. Rc1 Rxh2 33. Kg3
Rh5 34. Rxc7 Ra5 35. Rc3 Ra4 36. Rd3 Ke7 37. Kf4 f6 38. Ke4 Ke6 39. Rc3 f5+ 40.
Ke3 g5 41. f3 a6 42. Rc6+ Ke7 43. Rg6 Rxa3+ 44. Ke2 Ra2+ 45. Kd3 Ra3+ 46. Ke2 a5
47. Rxg5 Kf6 48. Rg8 a4 49. Re8 Ra1 50. Rf8+ Ke7 51. Ra8 a3 52. Ke3 Ke6 53. Kf4
Kd5 54. Kxf5 Kxd4 55. f4 Kc4 56. Kf6 Kb4 57. f5 Rc1 58. Kg6 Rg1+ 59. Kf7 Kb3 60.
f6 a2 61. Rxa2 Kxa2 62. Ke7 Rf1 63. f7 Rxf7+ 64. Kxf7 1/2-1/2

[Event "PRO League Pacific 2017"]
[Site "chess.com INT"]
[Date "2017.01.18"]
[Round "2"]
[White "Durarbayli, Vasif"]
[Black "Rosenthal, Nicholas"]
[Result "1-0"]
[WhiteTitle "GM"]
[WhiteElo "2616"]
[BlackElo "2156"]
[WhiteTeam "Webster Windmills"]
[BlackTeam "St Louis Arch Bishops"]
[WhiteFideId "13402935"]
[BlackFideId "2045150"]
[EventDate "2017.01.11"]

1. c4 c5 2. g3 g6 3. Bg2 Bg7 4. Nc3 Nc6 5. a3 e6 6. Rb1 a5 7. Nb5 d6 8. Nf3 Nge7
9. O-O O-O 10. d3 f5 11. d4 cxd4 12. Nfxd4 Nxd4 13. Nxd4 Bd7 14. Bxb7 Qb6 15.
Bxa8 Bxd4 16. Bg2 Bc6 17. Bxc6 Nxc6 18. b4 axb4 19. axb4 Ne5 20. Qb3 Qc6 21. c5
dxc5 22. bxc5 Bxc5 23. Be3 Bxe3 24. Qxe3 Ng4 25. Qd4 e5 26. Qa7 Rf7 27. Qb8+ Rf8
28. Qb7 Qf6 29. h3 Nh6 30. Rb6 Qg5 31. Qd5+ Nf7 32. h4 Qg4 33. Qf3 Qd4 34. Rb7
f4 35. e3 Qc4 36. exf4 exf4 37. Qxf4 Qxf4 38. gxf4 Nd6 39. Rb4 Rf5 40. Rd1 Nf7
41. Rd7 Kg7 42. Kg2 Rf6 43. Kg3 h5 44. Rbb7 Rf5 45. Kf3 Kf8 46. Ke4 Kg7 47.
Rxf7+ Rxf7 48. Rxf7+ Kxf7 49. f5 Kf6 50. fxg6 Kxg6 51. Ke5 Kf7 52. Kf5 Ke7 53.
Kg6 Ke6 54. f4 1-0

[Event "PRO League Pacific 2017"]
[Site "chess.com INT"]
[Date "2017.01.18"]
[Round "2"]
[White "Perelshteyn, Eugene"]
[Black "Tang, Andrew"]
[Result "0-1"]
[WhiteTitle "GM"]
[BlackTitle "IM"]
[WhiteElo "2508"]
[BlackElo "2466"]
[WhiteTeam "Pittsburgh Pawngrabbers"]
[BlackTeam "Minnesota Blizzard"]
[WhiteFideId "2012529"]
[BlackFideId "2059630"]
[EventDate "2017.01.11"]

1. e4 e5 2. Nf3 Nc6 3. Nc3 Nf6 4. d4 exd4 5. Nxd4 Bb4 6. Nxc6 bxc6 7. Bd3 d5 8.
exd5 cxd5 9. O-O O-O 10. h3 c6 11. Qf3 h6 12. Bf4 Bd6 13. b3 Be6 14. Ne2 Qc7 15.
Rad1 Bxf4 16. Nxf4 Rfe8 17. Rfe1 Bd7 18. c3 Qa5 19. Bb1 Qc5 20. Qd3 Rxe1+ 21.
Rxe1 Re8 22. Rxe8+ Bxe8 23. b4 Qe7 24. Qe2 Kf8 25. Bd3 Nd7 26. Ba6 Nb6 27. Qc2
Qe5 28. Nd3 Qe4 29. f3 Qf5 30. Qd1 Qf6 31. Qe1 g6 32. Qe5 Qxe5 33. Nxe5 Ke7 34.
Kf2 Na4 35. c4 Nc3 36. a3 Nb1 37. a4 Nc3 38. a5 f6 39. Nd3 g5 40. Ke3 Kd6 41.
c5+ Kc7 42. f4 Bg6 43. fxg5 hxg5 44. g3 Ne4 45. Kf3 Bh5+ 46. Kg2 Nd2 47. h4 Ne4
48. Nf2 Nc3 49. g4 Bg6 50. h5 Bh7 51. Bd3 Ne4 52. Nxe4 dxe4 53. Bc2 Kd7 54. Kf2
Ke6 55. Ke3 Ke5 56. Bb1 f5 57. gxf5 Bxf5 58. h6 g4 59. Ba2 g3 60. Bg8 Kf6 61. h7
Kg7 62. b5 cxb5 63. c6 b4 64. c7 Bc8 65. Bd5 Kxh7 66. Bxe4+ Kg7 67. Kf3 Kf6 68.
Kxg3 Ke5 0-1

[Event "PRO League Pacific 2017"]
[Site "chess.com INT"]
[Date "2017.01.18"]
[Round "2"]
[White "Bartholomew, John"]
[Black "Hua, David A"]
[Result "1/2-1/2"]
[WhiteTitle "IM"]
[WhiteElo "2447"]
[BlackElo "2285"]
[WhiteTeam "Minnesota Blizzard"]
[BlackTeam "Pittsburgh Pawngrabbers"]
[WhiteFideId "2019353"]
[BlackFideId "2030047"]
[EventDate "2017.01.11"]

1. d4 Nf6 2. Nf3 e6 3. e3 c5 4. Bd3 b6 5. O-O Bb7 6. c4 Be7 7. Nc3 cxd4 8. exd4
d5 9. cxd5 Nxd5 10. Ne5 O-O 11. Qg4 f5 12. Qe2 Nd7 13. Bc4 Rc8 14. Rd1 Bf6 15.
Nxd5 Bxd5 16. Ba6 Rc7 17. Nxd7 Rxd7 18. Bb5 Rc7 19. Bf4 Rc8 20. Ba6 Rc6 21. Bb5
Rc8 22. Ba6 Rc6 23. Bb5 Rc8 24. Ba6 Rc6 1/2-1/2

[Event "PRO League Pacific 2017"]
[Site "chess.com INT"]
[Date "2017.01.18"]
[Round "2"]
[White "Rosenthal, Nicholas"]
[Black "De Vreesse Pieters, Seppe"]
[Result "0-1"]
[WhiteElo "2156"]
[BlackElo "2229"]
[WhiteTeam "St Louis Arch Bishops"]
[BlackTeam "Webster Windmills"]
[WhiteFideId "2045150"]
[BlackFideId "254169"]
[EventDate "2017.01.11"]

1. e4 d5 2. exd5 Qxd5 3. Nc3 Qa5 4. Nf3 Nf6 5. Be2 g6 6. O-O Bg7 7. d4 O-O 8.
Re1 Nbd7 9. Bf4 c6 10. Bc4 e6 11. Bd6 Rd8 12. b4 Qh5 13. Ne5 Qxd1 14. Raxd1 Nb6
15. Bc7 Re8 16. Bxb6 axb6 17. b5 Nd5 18. Ne4 cxb5 19. Bxb5 Rd8 20. a4 f5 21. Ng5
Nc3 22. Rd3 Nxb5 23. axb5 Bxe5 24. dxe5 Rxd3 25. cxd3 Bd7 26. h4 h6 27. Nf3 Bxb5
28. Rb1 Bc6 29. Nd4 Bd5 30. Rxb6 Ra1+ 31. Kh2 Ra6 32. Rb4 Kf7 33. Nb5 Ra2 34.
Kg3 Rd2 35. Nd6+ Ke7 36. Nxb7 Rxd3+ 37. f3 g5 38. hxg5 hxg5 39. Nd6 g4 40. Rf4
Kd7 41. Nxf5 gxf3 42. gxf3 exf5 43. Rxf5 Ke6 44. Kg4 Bb3 45. Kg5 Bd1 46. Rf6+
Kxe5 47. f4+ Kd5 48. Rf5+ Kd4 49. Re5 Rg3+ 50. Kf6 Bc2 51. f5 Ra3 52. Rb5 Kc4
53. Re5 Rf3 54. Kg5 Kd4 55. Ra5 Be4 56. Kf6 Bd5 57. Ra4+ Bc4 58. Ra5 Ke4 59. Kg5
Bd5 60. Ra4+ Ke5 61. f6 Rf5+ 62. Kg4 Rxf6 63. Kg3 Rg6+ 64. Kf2 Be4 65. Ke3 Rg3+
66. Kd2 Rh3 67. Rb4 Bd5 68. Ra4 Rh2+ 69. Kc3 Be4 70. Ra5+ Kf4 71. Ra4 Ke3 72.
Kb4 Rc2 73. Ka5 Bd3 74. Kb4 Rc1 75. Ra3 Kd4 76. Kb3 Rb1+ 77. Ka2 Rb6 78. Ra5 Kc3
79. Ra3+ Kc2 80. Ra4 Bg6 81. Rc4+ Kd3 82. Rc5 Bf7+ 83. Ka3 Bc4 84. Ra5 Kc3 85.
Ra7 Rb1 86. Ra5 Ra1# 0-1

[Event "PRO League Pacific 2017"]
[Site "chess.com INT"]
[Date "2017.01.18"]
[Round "2"]
[White "Rosenthal, Nicholas"]
[Black "Shimanov, Aleksandr"]
[Result "0-1"]
[BlackTitle "GM"]
[WhiteElo "2156"]
[BlackElo "2642"]
[WhiteTeam "St Louis Arch Bishops"]
[BlackTeam "Webster Windmills"]
[WhiteFideId "2045150"]
[BlackFideId "4198603"]
[EventDate "2017.01.11"]

1. e4 c6 2. d4 d5 3. e5 Bf5 4. Nf3 e6 5. Be2 Ne7 6. O-O Bg6 7. a4 c5 8. dxc5
Nec6 9. c4 d4 10. Bd3 Na6 11. Re1 Bxc5 12. Bxg6 hxg6 13. Nbd2 Bb4 14. Re4 Nc5
15. Rg4 Qc7 16. Nxd4 Nxe5 17. Nb5 Qb8 18. Rd4 Nc6 19. Nf3 Nxd4 20. Qxd4 O-O 21.
Qg4 Qd8 22. Be3 Qe7 23. Ng5 f6 24. Bxc5 Bxc5 25. Nxe6 f5 26. Qe2 Rae8 27. Re1
Bb4 28. Nc3 Bxc3 29. bxc3 Rf6 30. Nf4 Qxe2 31. Rxe2 Rxe2 32. Nxe2 Ra6 0-1

[Event "PRO League Pacific 2017"]
[Site "chess.com INT"]
[Date "2017.01.18"]
[Round "2"]
[White "Akobian, Varuzhan"]
[Black "Robson, Ray"]
[Result "0-1"]
[WhiteTitle "GM"]
[BlackTitle "GM"]
[WhiteElo "2633"]
[BlackElo "2675"]
[WhiteTeam "St Louis Arch Bishops"]
[BlackTeam "Webster Windmills"]
[WhiteFideId "13300580"]
[BlackFideId "2023970"]
[EventDate "2017.01.11"]

1. d4 Nf6 2. c4 e6 3. Nf3 d5 4. Nc3 c6 5. Bg5 h6 6. Bxf6 Qxf6 7. e3 g6 8. Qc2
Nd7 9. Be2 Bg7 10. O-O O-O 11. Rfd1 Qe7 12. a3 dxc4 13. Bxc4 b6 14. Qe2 b5 15.
Ba2 Bb7 16. Rac1 Rfc8 17. e4 a5 18. e5 c5 19. d5 c4 20. d6 Qd8 21. Nxb5 Bxf3 22.
Qxf3 Nxe5 23. Qe4 Rab8 24. a4 Nd3 25. Rxc4 Rxc4 26. Bxc4 Nxb2 27. Rd2 Nxa4 28.
d7 Nc3 29. Nxc3 Bxc3 30. Rd6 Kg7 31. h4 h5 32. g3 Bf6 33. Bd3 Rb6 34. Rxb6 Qxb6
35. Kg2 Qd6 36. Bb5 Bd8 37. Qc6 Qd4 38. Qc4 Qxc4 39. Bxc4 a4 40. Kf3 Kf6 41. Ke2
Ke7 42. Kd3 Bb6 43. f3 a3 44. g4 Bf2 45. gxh5 gxh5 46. Kc2 Bxh4 47. Kb3 Kxd7 48.
Kxa3 Kd6 49. Kb3 Ke5 50. Bb5 Be7 51. Kc2 h4 52. Kd2 Kf4 53. Ke2 h3 54. Kf1 Kxf3
55. Be8 Kg3 56. Kg1 Bc5+ 57. Kh1 f6 58. Bf7 e5 59. Bg6 Be3 60. Bf5 Bf4 61. Bg6
h2 62. Bh7 Kf3 63. Bg6 e4 64. Bh5+ Kf2 65. Bf3 e3 0-1

[Event "PRO League Pacific 2017"]
[Site "chess.com INT"]
[Date "2017.01.18"]
[Round "2"]
[White "Akobian, Varuzhan"]
[Black "De Vreesse Pieters, Seppe"]
[Result "1-0"]
[WhiteTitle "GM"]
[WhiteElo "2633"]
[BlackElo "2229"]
[WhiteTeam "St Louis Arch Bishops"]
[BlackTeam "Webster Windmills"]
[WhiteFideId "13300580"]
[BlackFideId "254169"]
[EventDate "2017.01.11"]

1. d4 d6 2. Nf3 Bg4 3. e3 Nc6 4. Be2 e5 5. O-O f5 6. c4 Nf6 7. h3 Bh5 8. Nc3
Bxf3 9. Bxf3 e4 10. Be2 Be7 11. Qb3 Rb8 12. f3 exf3 13. Bxf3 O-O 14. Qb5 g6 15.
Bxc6 bxc6 16. Qxc6 Rb6 17. Qf3 c6 18. e4 fxe4 19. Nxe4 d5 20. Nc3 Ne4 21. Qe2
Rxf1+ 22. Qxf1 Bf6 23. Qd3 Qe7 24. cxd5 Nxc3 25. bxc3 Qe1+ 26. Kh2 cxd5 27. Qf3
Qe4 28. Qxe4 dxe4 29. Be3 Rb2 30. Kg3 a5 31. Kf4 Rxg2 32. Kxe4 Rc2 33. Kd3 Rh2
34. c4 Rxh3 35. Ke4 Rh4+ 36. Kd5 Kf7 37. c5 Rh3 38. Bf4 g5 39. Be5 Bxe5 40. Kxe5
Ke7 41. Rb1 Re3+ 42. Kd5 g4 43. Rb7+ Kf6 44. Rxh7 g3 45. Rh1 Re2 46. a4 g2 47.
Rg1 Ke7 48. Kc6 Rd2 49. d5 Kd8 50. d6 Rb2 51. Re1 Rf2 52. Rb1 1-0

[Event "PRO League Pacific 2017"]
[Site "chess.com INT"]
[Date "2017.01.18"]
[Round "2"]
[White "Nagle, Sean"]
[Black "Shabalov, Alexander"]
[Result "0-1"]
[WhiteTitle "IM"]
[BlackTitle "GM"]
[WhiteElo "2423"]
[BlackElo "2563"]
[WhiteTeam "Minnesota Blizzard"]
[BlackTeam "Pittsburgh Pawngrabbers"]
[WhiteFideId "2013878"]
[BlackFideId "2008572"]
[EventDate "2017.01.11"]

1. Nf3 d6 2. d4 Bg4 3. Nbd2 Nf6 4. e4 e6 5. Bd3 Be7 6. O-O O-O 7. c3 Nc6 8. Re1
Bh5 9. Nf1 Nd7 10. Ng3 Bg6 11. b4 a6 12. a4 Bf6 13. Be3 Ne7 14. h4 h6 15. h5 Bh7
16. Nh2 Kh8 17. f4 d5 18. e5 Bh4 19. Bf2 Bxd3 20. Qxd3 f5 21. Nh1 Bxf2+ 22. Nxf2
a5 23. b5 c6 24. c4 dxc4 25. Qxc4 Nd5 26. g3 Rc8 27. Nf3 cxb5 28. Qxb5 Rc3 29.
Nd3 Nb4 30. Red1 Nb6 31. Rac1 N6d5 32. Nxb4 Rxf3 33. Rd3 Ne3 34. Nc2 Rxg3+ 35.
Kf2 Qh4 36. Nxe3 Rh3+ 37. Ke2 Rh2+ 38. Kd1 Qxh5+ 0-1

[Event "PRO League Pacific 2017"]
[Site "chess.com INT"]
[Date "2017.01.18"]
[Round "2"]
[White "Nagle, Sean"]
[Black "Riccardi, Thomas"]
[Result "0-1"]
[WhiteTitle "IM"]
[WhiteElo "2423"]
[BlackElo "2145"]
[WhiteTeam "Minnesota Blizzard"]
[BlackTeam "Pittsburgh Pawngrabbers"]
[WhiteFideId "2013878"]
[BlackFideId "2025973"]
[EventDate "2017.01.11"]

1. Nf3 Nf6 2. c4 c5 3. Nc3 Nc6 4. g3 g6 5. Bg2 Bg7 6. d4 cxd4 7. Nxd4 O-O 8. O-O
Qa5 9. Nc2 d6 10. Nd5 Nxd5 11. cxd5 Ne5 12. Bd2 Qb6 13. Bc3 Bd7 14. Bd4 Qa5 15.
f4 Ng4 16. h3 Bxd4+ 17. Qxd4 Rfc8 18. Rac1 Nf6 19. a3 Qb5 20. Qb4 Qxe2 21. Rfe1
Qc4 22. Qd2 Qb3 23. Ne3 Rxc1 24. Rxc1 Rc8 25. Rxc8+ Bxc8 26. g4 h5 27. g5 Nd7
28. f5 Ne5 29. f6 exf6 30. Qc1 Bd7 31. gxf6 Qb6 32. Kh2 Qd4 33. Nc2 Qf2 34. Ne1
Qxf6 35. Qc7 Qf4+ 36. Kh1 Qf2 37. Qc3 Bf5 38. Qa5 Kg7 39. Qc3 b6 40. Nd3 Bxd3 0-1